000 01349nam a22003617a 4500
003 CHAP
005 20220329135608.0
008 971013s1995 r 00010 d
010 _a39062
011 _a40034
035 _a44159
040 _cCHAP
090 _aTesis
100 0 0 _aNava Díaz, Cristian.
_980446
245 _aIdentificación de las enfermedades fungosas del tomate de cáscara (Physalis ixocarpa Brot.) en el estado de Morelos y sureste del Estado de México
260 _aChapingo, Méx. :
_bEl autor,
_c1995
300 _a80 h.
_b: ilus.
502 _aTesis (Ing. Agr. Esp. en Parasitología Agrícola) -- UACH. Departamento de Parasitología Agrícola
590 _aALEPH
_b10
_c20130110
_lUCH01
_h1305
590 _aBATCH-UPD
_b10
_c20130110
_lUCH01
_h0250
590 _aBATCH-UPD
_b10
_c20130110
_lUCH01
_h1956
590 _aBATCH-UPD
_b10
_c20130410
_lUCH01
_h1317
590 _aBATCH-UPD
_b10
_c20130914
_lUCH01
_h1450
590 _aCONVERSION
_b10
_c20130109
_lUCH01
_h1322
650 1 4 _aFungicidas.
_944044
650 1 4 _aTomate verde
_xEnfermedades por hongos.
_9113811
650 1 4 _aTomate verde
_zMéxico (Edo.).
_9113846
650 1 4 _aTomate verde
_zMorelos.
_9113847
901 _aBK
942 _cFOLL
949 _bBC
_cTES
_d-101134
_eTS1
_h27467
_i44159
_si
949 _bBC
_cTES
_d33724002079181
_eTS2
_fc.2
_h27468
_i44159
_si
999 _c39062
_d39062